[Event "Mombaca op 6th"]
[Site "Mombaca"]
[Date "2022.08.21"]
[Round "6"]
[White "De Paula, Maicon Jonas Soares"]
[Black "Da Cunha, Gabriela Goes"]
[Result "0-1"]
[WhiteElo "1800"]
[BlackElo "1703"]
[PlyCount "82"]
[EventDate "2022.08.19"]
[EventType "swiss"]
[EventRounds "6"]
[EventCountry "BRA"]
[SourceTitle "CBM 210 Extra"]
[Source "ChessBase"]
[SourceDate "2022.11.30"]
[SourceVersion "1"]
[SourceVersionDate "2022.11.30"]
[SourceQuality "1"]

1. c4 e5 2. g3 Nc6 3. Bg2 g6 4. Nc3 Bg7 5. Nf3 d6 6. d3 f5 7. Bg5 Nf6 8. Nd5 h6 9. Bxf6 Bxf6 10. Nxf6+ Qxf6 11. Qb3 Rb8 12. e3 0-0 13. 0-0-0 Ne7 14. Qc3 b6 15. Nd2 Be6 16. f4 b5 17. fxe5 dxe5 18. Rhf1 b4 19. Qc2 Qg5 20. e4 f4 21. Nf3 Qf6 22. Ng1 c5 23. gxf4 exf4 24. Qf2 Bg4 25. Bf3 Bxf3 26. Qxf3 Nc6 27. Ne2 g5 28. h4 Ne5 29. hxg5 hxg5 30. Qh5 Kg7 31. d4 cxd4 32. Rxd4 Rh8 33. Nxf4 Qxf4+ 34. Rxf4 Rxh5 35. Rf5 Re8 36. c5 Re7 37. Rd6 Nc4 38. Rd4 Rh1+ 39. Kc2 Ne3+ 40. Kd3 Nxf5 41. exf5 Rd1+ 0-1

[Event "Mombaca op 6th"]
[Site "Mombaca"]
[Date "2022.08.20"]
[Round "4"]
[White "De Paula, Maicon Jonas Soares"]
[Black "De Freitas, Fabio Ruiz"]
[Result "0-1"]
[WhiteElo "1800"]
[BlackElo "1675"]
[PlyCount "46"]
[EventDate "2022.08.19"]
[EventType "swiss"]
[EventRounds "6"]
[EventCountry "BRA"]
[SourceTitle "CBM 210 Extra"]
[Source "ChessBase"]
[SourceDate "2022.11.30"]
[SourceVersion "1"]
[SourceVersionDate "2022.11.30"]
[SourceQuality "1"]

1. c4 Nf6 2. g3 c5 3. Nf3 b6 4. Bg2 Bb7 5. 0-0 e6 6. Nc3 a6 7. e3 Be7 8. d4 0-0 9. d5 exd5 10. cxd5 d6 11. e4 b5 12. Re1 Re8 13. Bf4 Bf8 14. Qc2 Nbd7 15. Rad1 Rc8 16. Bh3 b4 17. Nb1 h6 18. Bxd6 Bxd6 19. e5 Bxe5 20. Nxe5 Nxe5 21. Rxe5 Rxe5 22. Bxc8 Qxc8 23. d6 Qc6 0-1